01117nas a2200289Ia 4500001002700000003001000027008004100037040002500078041001200103100002000115210002000135222002000155240004400175245004400219250001100263260000900274501012300283300001600406362003200422500005700454650005100511700002100562942000700583957000600590999003200596952019900628A02/R018-5881 [r000003061]IT-MiCISF161014c99999999xx |||||||||||| ||und|| aIT-MiCISFcIT-MiCISF aINGLESE aLee Judith A.B. aSocial Casework aSocial Casework aWorking with Victims of Violent Assault 0aWorking with Victims of Violent Assault a1a ed. c1983 bCISF - Centro Internazionale Studi Famiglia - Via Giotto, 36 20145 MILANO (non commercial uses only)cCopyright 2016 app. 593-601 avol. 64, n. 10, dic. [1983] a Tema: violenza, comportamento, teoria, case-studies aPSICOLOGIA - maltrattamenti violenzavarticolo a Rosenthal Susan cCR 71 a5881bSig1c256384d256384 0010406A_02_000000000000000_R0185881_R00000306171aCISFbCISFd2016-10-14l0oA02/R018-5881 [r000003061]r2016-10-14 00:00:00w2016-10-14yCRzData import 15.10.2016 / by Epidotti, Vaglietti